Fortalezas y debilidades en una asociación agrícola indígena /
La Cordillera de Talamanca es una de las regiones de mayor diversidad biológica y cultural en Costa Rica, donde las comunidades indígenas dependen principalmente de l producción agrícola de naturaleza ecológica. En esta región existen diversas organizaciones no gubernamentales que apoyan la comercia...
שמור ב:
| מחבר ראשי: | |
|---|---|
| פורמט: | Texto |
| נושאים: | |
| תגים: |
הוספת תג
אין תגיות, היה/י הראשונ/ה לתייג את הרשומה!
|
MARC
| LEADER | 00000 a a2200000 04500 | ||
|---|---|---|---|
| 001 | 18891 | ||
| 003 | |||
| 040 | |||
| 100 | |a Martínez Castillo, Róger | ||
| 245 | |a Fortalezas y debilidades en una asociación agrícola indígena / |c Róger Martínez Castillo | ||
| 520 | |a La Cordillera de Talamanca es una de las regiones de mayor diversidad biológica y cultural en Costa Rica, donde las comunidades indígenas dependen principalmente de l producción agrícola de naturaleza ecológica. En esta región existen diversas organizaciones no gubernamentales que apoyan la comercialización de los productos orgánicos (Asociación Campesina de Productores Orgánicos -ACAPRO-, Asociación de Pequeños Productores de Talamanca - APPTA- y UCANEHU). Desde hace once años UCADEHU se ubica en Suretka y sus asociados provienen de 14 comunidades de los territorios Bribi y Cabécar. En el artículo se exponen los resultados del análisis FODA (Fortalezas, Oportunidades, Debilidades y Amenazas) que se realizó en la asociación UCANEHU | ||
| 650 | |a PRODUCCION AGROPECUARIA | ||
| 650 | |a AGRICULTURA ORGANICA | ||
| 650 | |a ORGANIZACIONES CAMPESINAS | ||
| 650 | |a POBLACION INDIGENA | ||
| 650 | |a EVALUACION | ||
| 650 | |a TALAMANCA | ||
| 650 | |a COSTA RICA | ||
| 773 | |g número 45; páginas 68-76 | ||
| 999 | |c 24747 |d 24747 | ||
